Countries Bordering Asia - Statistics

General Stats
  • This quiz has been taken 235 times
    232 since last reset
  • The average score is 10 of 12
Answer Stats
Country % Correct
Egypt
92%
Ukraine
92%
Belarus
89%
Finland
88%
Greece
88%
Lithuania
85%
Latvia
84%
Estonia
83%
Bulgaria
82%
Papua New Guinea
78%
Norway
75%
Poland
75%
No matching quizzes found
Score Distribution
Percent of People with Each Score
Percentile by Number Answered
Your Score History
You have not taken this quiz since the last reset